| 000 | 01749cam a22002054a 4500 | ||
|---|---|---|---|
| 005 | 20250605164204.0 | ||
| 008 | 250528s ||||||||||||||||||||||||d | ||
| 035 | _a19838 | ||
| 020 | _a960351120Χ | ||
| 040 |
_aGR-AtMCL _bgre _dGR-AtMCL _eAACR2 |
||
| 245 | 1 | _aΜάρκετινγκ Υπηρεσιών / τ.Α'. | |
| 260 |
_bΣταμούλης, _c1996 |
||
| 300 | _a214 | ||
| 505 | 0 | _aΗ Εμφάνιση και Ανάπτυξη του Μάρκετινγκ των Υπηρεσιών, Συμπεριφορά Καταναλωτή στον Τομέα των Υπηρεσιών, Η Υπηρεσία (Προιόν), Η Τιμολόγηση των Υπηρεσιών, Προβολή των Υπηρεσιών, Η Διανομή των Υπηρεσιών, Οι Συμμετέχοντες, Στοχεία του Περβάλλοντος, Η Διαδικασία, Εσωτερικό Μάρκετινγκ, Το Μάρκετινγκ των Σχέσεων, Βιβλιογραφία, Πίνακες - Σχήματα. | |
| 520 | _aΗ Εμφάνιση και Ανάπτυξη του Μάρκετινγκ των Υπηρεσιών, Συμπεριφορά Καταναλωτή στον Τομέα των Υπηρεσιών, Η Υπηρεσία (Προιόν), Η Τιμολόγηση των Υπηρεσιών, Προβολή των Υπηρεσιών, Η Διανομή των Υπηρεσιών, Οι Συμμετέχοντες, Στοχεία του Περβάλλοντος, Η Διαδικασία, Εσωτερικό Μάρκετινγκ, Το Μάρκετινγκ των Σχέσεων, Βιβλιογραφία, Πίνακες - Σχήματα. | ||
| 700 | 1 |
_aΑθανασούλης Χρ. Κ _96002 |
|
| 942 | _cBK | ||
| 999 |
_c5084 _d5084 |
||